| 000 | 00391nam a2200181Ia 4500 | ||
|---|---|---|---|
| 005 | 20250603144439.0 | ||
| 008 | 250603s9999 xx 000 0 und d | ||
| 020 | _a9789785399936 | ||
| 050 | _aKP 97 .O6/ | ||
| 100 | _aOputa,G.U | ||
| 245 | 0 | _aAchike on Contract | |
| 260 | _aGhana | ||
| 260 | _bJustice Watch | ||
| 260 | _c2014 | ||
| 300 | _a642 p | ||
| 650 | _aGhana | ||
| 942 | _cBK | ||
| 999 |
_c38946 _d38946 |
||